| 000 | 00736cam a2200133 4500500 | ||
|---|---|---|---|
| 005 | 20260329054614.0 | ||
| 041 | _afre | ||
| 042 | _adc | ||
| 100 | 1 | 0 |
_aDespinoy, Maurice _eauthor |
| 245 | 0 | 0 | _aPsychopathologie de l'enfant et de l'adolescent |
| 260 |
_bArmand Colin,
_c2010. |
||
| 520 | _aOutil de travail pour l’étudiant, cet ouvrage offre une étude complète de la pathologie mentale de l’enfant et de l’adolescent. Les descriptions cliniques sont suivies d’exposés théoriques sur les processus psychiques. Pour chaque trouble, sont indiqués les traitements spécifiques. | ||
| 856 | 4 | 1 | _uhttps://shs.cairn.info/psychopathologie-de-l-enfant-et-de-l-adolescent--9782200243227?lang=fr&redirect-ssocas=7080 |
| 999 |
_c2005149 _d2005149 |
||